000 00308nam a2200121Ia 4500
999 _c3388
_d3388
008 200103s 1963 ||||xx |||||||||||||| ||und||
082 _a550.63
_bHMS
100 _aHMSO London
245 4 _aThe marine observer's handbook
260 _bHMSO London
_c1963
_aLondon
300 _avii, 148p.
942 _cBK